| 000 | 00943nam a2200313 c 4500 | ||
|---|---|---|---|
| 001 | 573724 | ||
| 003 | DO-SdBNP | ||
| 005 | 20180306092413.0 | ||
| 007 | 573724 | ||
| 008 | 160112q2007 sp a | |||| 000 j spa | ||
| 020 | _a9788498155471 | ||
| 035 | _a | ||
| 040 |
_aBPMSU _bspa _cBPMSU _e |
||
| 080 | _a | ||
| 100 | 1 |
_aCervantes Saavedra, Miguel de _d1547-1616 _4 |
|
| 240 | _aRiconete y cortadillo : texto basado en trinconete y cortadillo de Miguel de Cervantes | ||
| 245 | 1 | 0 |
_aRiconete y cortadillo / _b _c Miguel de Cervantes Saavedra ; ilustraciones Cristina Picazo |
| 260 |
_aBuenos Aires : _b Kapelusz _c 2007 |
||
| 300 |
_a28 p. : _bil. _c28 cm |
||
| 336 |
_a _2 |
||
| 337 |
_a _2 |
||
| 490 | _aMis primeros clásicos | ||
| 700 | 1 |
_a Picazo,Cristina _e |
|
| 830 | _aMis primeros clásicos | ||
| 901 | _a | ||
| 942 |
_2ddc _cBK |
||
| 945 | _aInventariado, 2018/MFF | ||
| 956 |
_aVMATEO _210 _320160469 _6BPMSU _80069 |
||
| 999 |
_c9830 _d9830 |
||